000 00577nam a2200217Ia 4500
003 OSt
005 20220926044951.0
006 a|||||r|||| 00| 0
007 ta
008 220923b |||||||| |||| 00| 0 eng d
037 _cGeneral Book
040 _aRTL
_cRTL
_beng
041 _2eng
_aeng
082 _aV2:280x:N2, G1
110 _aLeague of Nations
_910770
245 0 _aScheme for economic advisory organisation in India
260 _c1931
700 _aLeague of Nations
_910771
942 _hV2:280x:N2, G1
_cGB
_2CC
999 _c676311
_d676311